Eastern Europe in the middle ages (500-1300) /

Hlavní autor: Curta, Florin, 1965-
Jazyk: Angličtina
Vydáno: Leiden ; Brill, [2019]
Edice: Brill's companions to European history
Témata:
Fyzický popis: 2 svazky (1398 stran) : ilustrace (některé barevné), mapy, faksimile ; 25 cm
Odebírané svazky: 1-2
Knihy
Uloženo v:
LEADER 01902nam a2200505 ia4500
001 001712767
003 CZ BrMZK
005 20191205072900.0
007 ta
008 191021t20192019ne abh f 001 0 eng
020 |a 978-90-04-34257-6  |q (set) 
020 |a 978-90-04-41534-8  |q (volume 1 ;  |q vázáno) 
020 |a 978-90-04-41535-5  |q (volume 2 ;  |q vázáno) 
040 |a BOA001  |b cze  |e rda 
043 |a ee----- 
044 |a ne  |a xxu 
045 |a --t- 
072 7 |a 94(4)  |x Dějiny Evropy  |2 Konspekt  |9 8 
080 |a 94"04/14"  |2 MRF 
080 |a 930  |2 MRF 
080 |a 930:94(4)"04/14"  |2 MRF 
080 |a 94(4-11)  |2 MRF 
080 |a (048.8)  |2 MRF 
100 1 |a Curta, Florin,  |d 1965-  |7 xx0214086  |4 aut 
245 1 0 |a Eastern Europe in the middle ages (500-1300) /  |c by Florin Curta 
264 1 |a Leiden ;  |a Boston :  |b Brill,  |c [2019] 
264 4 |c ©2019 
300 |a 2 svazky (1398 stran) :  |b ilustrace (některé barevné), mapy, faksimile ;  |c 25 cm 
336 |a text  |b txt  |2 rdacontent 
337 |a bez média  |b n  |2 rdamedia 
338 |a svazek  |b nc  |2 rdacarrier 
490 1 |a Brill's companions to European history ;  |v volume 19 
504 |a Obsahuje bibliografii, bibliografické odkazy a rejstřík 
648 7 |a do 1500  |7 ch943276 
650 0 7 |a středověk  |7 ph126223  |x dějiny  |2 czenas 
650 0 7 |a středověk  |7 ph126223  |x historiografie  |2 czenas 
650 0 7 |a medievalistika  |7 ph115254  |2 czenas 
651 7 |a Evropa východní  |7 ge137881  |x dějiny  |y do 1500  |2 czenas 
655 7 |a monografie  |7 fd132842  |2 czenas 
830 0 |a Brill's companions to European history 
910 |a BOA001  |b 2-1436.110  |s 1-2 
990 |a BK 
991 |b 201912  |c NOV 
996 6 |b 2610801048  |c 2-1436.110  |d Volume 1  |v 1  |l MZK  |r HSS 5p  |n 0  |p kupz  |h 94(4) CUR  |w 001762373  |u 000010  |a 0  |e BOA001  |j MZK50  |s P 
996 6 |b 2610801049  |c 2-1436.110  |d Volume 2  |v 2  |l MZK  |r HSS 5p  |n 0  |p kupz  |h 94(4) CUR  |w 001762373  |u 000020  |a 0  |e BOA001  |j MZK50  |s P